Statistics for NBA 2016-2017 Playoff Starters

Click here to take the quiz!

General Stats

  • This quiz has been taken 84 times
    (58 since last reset)
  • The average score is 59 of 80

Answer Stats

TeamAnswer% Correct
SpursDanny Green
100%
WarriorsDraymond Green
100%
RocketsJames Harden
100%
CavaliersJ.R Smith
100%
SpursKawhi Leonard
100%
WarriorsKevin Durant
100%
CavaliersKevin Love
100%
WarriorsKlay Thompson
100%
CavaliersLeBron James
100%
ThunderRussell Westbrook
100%
WarriorsStephen Curry
100%
SpursTony Parker
100%
CavaliersTristan Thompson
100%
ClippersChris Paul
98%
BucksGiannis Antetokounmpo
98%
WizardsJohn Wall
98%
RaptorsKyle Lowry
98%
CavaliersKyrie Irving
98%
SpursLaMarcus Aldridge
98%
GrizzliesMarc Gasol
98%
ThunderSteven Adams
98%
ClippersBlake Griffin
95%
Trail BlazersDamian Lillard
95%
RaptorsDemar Derozan
95%
CelticsIsaiah Thomas
95%
CelticsAl Horford
93%
WizardsBradley Beal
93%
ClippersDeAndre Jordan
93%
JazzRudy Gobert
93%
RaptorsSerge Ibaka
93%
WarriorsZaza Pachulia
93%
RocketsClint Capela
90%
PacersPaul George
90%
CelticsAvery Bradley
88%
GrizzliesMike Conley
88%
Trail BlazersCJ McCollum
85%
BucksKhris Middleton
85%
JazzGordon Hayward
83%
WizardsMarcin Gortat
83%
HawksPaul Millsap
80%
BullsJimmy Butler
78%
WizardsOtto Porter Jr.
78%
BullsRobin Lopez
78%
CelticsAmir Johnson
76%
Trail BlazersEvan Turner
76%
RaptorsJonas Valanciunas
76%
WizardsMarkieff Morris
76%
PacersMyles Turner
76%
JazzDerrick Favors
73%
JazzGeorge Hill
73%
RocketsPatrick Beverley
73%
ThunderVictor Oladipo
73%
ThunderAndre Roberson
71%
CelticsJae Crowder
71%
PacersJeff Teague
68%
HawksDennis Schroder
66%
RocketsTrevor Ariza
66%
HawksDwight Howard
63%
RocketsRyan Anderson
63%
ClippersJJ Redick
61%
PacersThaddeus Young
61%
BullsDwayne Wade
56%
BullsRajon Rondo
56%
ThunderTaj Gibson
56%
JazzJoe Ingles
51%
BucksThon Maker
51%
GrizzliesZach Randolph
51%
RaptorsDeMarre Carroll
49%
GrizzliesVince Carter
44%
BullsNikola Mirotic
37%
HawksTaurean Prince
37%
BucksTony Snell
34%
ClippersLuc Mbah a Moute
27%
PacersCJ Miles
24%
Trail BlazersMaurice Harkless
20%
HawksTim Hardaway Jr.
12%
GrizzliesJames Ennis III
10%
BucksMalcolm Brodgon
7%
Trail BlazersNoah Vonleh
7%
SpursDewayne Dedman
0%

Score Distribution

Percentile by Number Answered

Percent of People with Each Score

Your Score History

You have not taken this quiz since the last reset